أكبر المدن الناطقة بالعربية من أ إلى ي - Statistics

الإحصائيات العامة
  • هذا الإختبار تم الخضوع له 27 مره
  • الدرجة المتوسطة هي 8 من 29
إحصائيات الإجابة
عدد السكان الإقليم التلميح الإجابة % صحيح
أ 2.2 مليون الخليج مدينة جزيرية تضم متحف اللوفر ومسجد الشيخ زايد الكبير أبو ظبي
90%
إ 5.4 مليون شمال إفريقيا كانت موطنًا للمكتبة العظمى ومنارة الإسكندرية، إحدى عجائب العالم القديم الإسكندرية
65%
ج 4.5 مليون شمال إفريقيا مشهورة عالميًا بأبي الهول وأهرامات الجيزة، آخر عجائب العالم القديم الباقية الجيزة
60%
ب 8.1 مليون الرافدين مركز العصر الذهبي الإسلامي وموطن “بيت الحكمة" بغداد
55%
ت 693,000 شمال إفريقيا مشهورة بمدينتها العتيقة الواسعة وقربها من آثار قرطاج تونس
55%
د 3.9 مليون الخليج تضم برج خليفة وأرخبيلات اصطناعية على شكل نخيل دبي
55%
ق 9.8 مليون شمال إفريقيا أكبر مدينة في العالم العربي وموطن الجامع الأزهر القاهرة
50%
ح 2.1 مليون الشام من أقدم المدن المأهولة باستمرار في العالم، وتشتهر بقلعتها الضخمة حلب
45%
ع 4.9 مليون الشام بُنيت على سبعة تلال وتضم مسرحًا رومانيًا محفوظًا في وسطها عمّان
40%
غ 590,000 الشام مدينة ساحلية متوسطية بتاريخ يزيد على 3000 عام، وكانت مركزًا للمدن الفلسطينية الخمس غزة
40%
ر 7 مليون شبه الجزيرة عاصمة حديثة جدًا يميزها برج “المملكة” الشبيه بفتّاحة الزجاجات الرياض
35%
ش 1.8 مليون الخليج مشهورة بكثرة متاحفها، وبيناليات الفن، والحفاظ على التراث الإماراتي الشارقة
35%
م 2.4 مليون شبه الجزيرة أقدس مدينة في الإسلام المكة
35%
ظ 144,000 الخليج مقر المقر الرئيسي العالمي لشركة أرامكو السعودية الظهران
25%
ك 630,000 الخليج عاصمة تشتهر بثلاثة أبراج توأم، تطورت من قرية غوص على اللؤلؤ مدينة الكويت
25%
و 803,000 شمال إفريقيا مهد موسيقى الراي ومسرح رواية «الطاعون» لألبير كامو وهران
25%
خ 2 مليون الساحل مشهورة بموقعها عند التقاء النيل الأبيض بالنيل الأزرق الخرطوم
20%
ف 1.3 مليون شمال إفريقيا تضم جامعة القرويين، أقدم مؤسسة تعليمية عاملة باستمرار في العالم فاس
20%
س 802,000 شمال إفريقيا حلقة وصل حيوية بين البحر الأحمر والبحر المتوسط السويس
10%
ط 1.3 مليون شمال إفريقيا كانت بوابة بين إفريقيا وأوروبا ومنطقة دولية شبه مستقلة طنجة
10%
ه 730,000 الخليج تقع في واحدة من أكبر الواحات الطبيعية في العالم وتشتهر بالتمور وكهوف القارة الهفوف
10%
ي 332,000 شبه الجزيرة مدينة منقسمة بين منطقة صناعية ضخمة ومدينة قديمة كانت مقر تي. إي. لورنس ينبع
10%
ث 13,000 شبه الجزيرة بلدة تاريخية في منطقة الرياض، معروفة بالعمارة الطينية التقليدية ثادق
5%
ص 3.4 مليون شبه الجزيرة مشهورة بمبانيها العالية المزخرفة بالجص الأبيض على طراز “بيوت الزنجبيل" صنعاء
5%
ن 1.4 مليون الساحل كانت قرية صيد صغيرة حتى عام 1958 نواكشوط
5%
ذ 146,000 شبه الجزيرة معروفة بتربية الخيول وأصبحت لاحقًا مركزًا للتعليم الإسلامي ذمار
0%
ز 635,000 الشام نمت من مستوطنة صغيرة إلى مركز صناعي بعد وصول سكة حديد الحجاز الزرقاء
0%
ض 64,000 شبه الجزيرة تقع في منطقة جازان، مركز زراعي تاريخي بفضل أوديته الخصبة ضمد
0%
ل 709,000 الشام تقع قرب أوغاريت، حيث اكتُشف أقدم أبجدية معروفة في العالم اللاذقية
0%
No matching quizzes found
توزيع النقاط
نسبة الأشخاص لكل درجة
النسبة وفقا للأرقام
سجل النقاط الخاصة بك
لم تضخع لهذا الإختبار